The shape of the beast : (Record no. 4059)

000 -LEADER
fixed length control field 01189cam a22003494a 4500
001 - CONTROL NUMBER
control field 15362338
003 - CONTROL NUMBER IDENTIFIER
control field Nust
005 - DATE AND TIME OF LATEST TRANSACTION
control field 20170105101619.0
008 - FIXED-LENGTH DATA ELEMENTS--GENERAL INFORMATION
fixed length control field 080501s2008 ii a b 001 0 eng
010 ## - LIBRARY OF CONGRESS CONTROL NUMBER
LC control number 2008306985
020 ## - INTERNATIONAL STANDARD BOOK NUMBER
International Standard Book Number 9780670082070
025 ## - OVERSEAS ACQUISITION NUMBER
Overseas acquisition number I-E-2008-306985; 27; 63-01
035 ## - SYSTEM CONTROL NUMBER
System control number (IN-NdUBS)UBS08001178
037 ## - SOURCE OF ACQUISITION
Source of stock number/acquisition Library of Congress -- New Delhi Overseas Office
Terms of availability Rs499.00
040 ## - CATALOGING SOURCE
Original cataloging agency DLC
Transcribing agency DLC
042 ## - AUTHENTICATION CODE
Authentication code lcode
050 00 - LIBRARY OF CONGRESS CALL NUMBER
Classification number D862
Item number .R68 2008
082 ## - DEWEY DECIMAL CLASSIFICATION NUMBER
Classification number 823
Author Mark ROY
100 1# - MAIN ENTRY--PERSONAL NAME
Personal name Roy, Arundhati.
245 14 - TITLE STATEMENT
Title The shape of the beast :
Remainder of title conversations with Arundhati Roy.
246 30 - VARYING FORM OF TITLE
Title proper/short title Beast
260 ## - PUBLICATION, DISTRIBUTION, ETC.
Place of publication, distribution, etc. New Delhi :
Name of publisher, distributor, etc. Penguin, Viking,
Date of publication, distribution, etc. 2008.
300 ## - PHYSICAL DESCRIPTION
Extent ix, 271 p. :
Other physical details ill. ;
Dimensions 22 cm.
504 ## - BIBLIOGRAPHY, ETC. NOTE
Bibliography, etc. note Includes bibliographical references (p. [244]-259) and index.
600 10 - SUBJECT ADDED ENTRY--PERSONAL NAME
Personal name Roy, Arundhati
Form subdivision Interviews.
650 #0 - SUBJECT ADDED ENTRY--TOPICAL TERM
Topical term or geographic name entry element World politics
Chronological subdivision 21st century.
9 (RLIN) 42
650 #0 - SUBJECT ADDED ENTRY--TOPICAL TERM
Topical term or geographic name entry element Globalization.
650 #0 - SUBJECT ADDED ENTRY--TOPICAL TERM
Topical term or geographic name entry element Protest movements.
906 ## - LOCAL DATA ELEMENT F, LDF (RLIN)
a 7
b cbc
c origode
d 3
e ncip
f 20
g y-gencatlg
942 ## - ADDED ENTRY ELEMENTS (KOHA)
Source of classification or shelving scheme
Koha item type Book
Holdings
Withdrawn status Lost status Source of classification or shelving scheme Damaged status Not for loan Permanent Location Current Location Shelving location Date acquired Total Checkouts Total Renewals Full call number Barcode Date last seen Date last checked out Copy number Price effective from Koha item type
          Central Library (CL) Central Library (CL) Fiction 12/15/2016 6 1 828.91409 ROY CL1640 01/30/2026 10/15/2025 1 12/15/2016 Book
© 2023 Central Library, National University of Sciences and Technology. All Rights Reserved.